Регионална библиотека "Любен Каравелов" - Русе

Детски години (Запис номер 139813)

MARC детайли
000 -Лидер
Контролно поле с фиксирана дължина 01425nam a2200325 c 4500
003 - Код на организацията, давaща контролен номер
Контролно поле BLK
005 - Дата и час на последна редакция
Контролно поле 20180420233105.0
008 - Елементи от данни с фиксирана дължина
fixed length control field 180409b bul|||||r ||||||| ||bul||
010 ## - Наследен системен номер
LC control number KNG00145863000
040 ## - Източник на каталожния запис
Идентификатор на билиотеката - собственик на записа BLK
041 ## - Код за език
Код за езика на текст/звукозапис или на отделно заглавие Български
Код за езика КДБФ Български
080 ## - УДК
Текстов определител УДК Българска литература
УДК код - определител по УДК 821.163.2
УДК определител -93-32
УДК - код + определител 821.163.2-93-32
100 1# - Редна дума - Автор
Автор Гривек, Кирил
Авторска отговорност първи автор
Автор - информация (биография) Добрев, Кирил Илиев
R(LIN) 56021
139 ## - Редно поле
Редна дума Гривек, Кирил
Авторски знак Гри - Г 81
245 10 - Сведения за заглавието
Заглавие Детски години
Подзаглавни данни Биогр. разкази : За деца
Редно поле (дума) Кирил Гривек; худож. Григорис Василис Пимпас; * Кирил Илиев Добрев.
257 ## - Страна на издаване
Страна на създаване/издаване България
260 ## - Област на издателските данни
-- София
Име на издателя, разпространителя и проч. Отечество
Година на издаване 1986
300 ## - Физическа характеристика
Страници 144 с.
Илюстрации и др. с ил.
Размери/Мащаб 20 см
380 ## - Жанр
Жанр Детска худож. лит.
500 ## - Общи забележки
Забележка Истинското име на авт. е Кирил Илиев Добрев. - 6 117 тир.
653 ## - Ключова дума – ненормативна
Ключова дума детска литература
653 ## - Ключова дума – ненормативна
Ключова дума литература за деца
700 1# - Други автори (авторска отговорност)
Лично име Пимпас, Григорис Василис
Автороска отговорност (Описва отношението между автора и произведението) худож.
9 (RLIN) 110711
700 1# - Други автори (авторска отговорност)
Лично име Добрев, Кирил Илиев
Автороска отговорност (Описва отношението между автора и произведението) *
9 (RLIN) 326868
852 ## - Местоположение
Форматна сигнатура Цб 260947
856 4# - Електронен адрес и достъп
Електронен формат pdf - файл
Път до файла /url/
856 4# - Електронен адрес и достъп
Електронен формат pdf - файл
Път до файла /url/
942 ## - АРТИКУЛИ
Вид на библиотечния материал Книги
Скрит в OPAC Не
944 ## - СЪЗДАВАНЕ И РЕДАКЦИЯ на ЗАПИСА
Създаване/Редакция Създаване
Дата на регистрацията/редакция 15.07.2013
Статус, дата на статуса 15.07.2013 - от С1,Р / 15.07.2013
Служител, извършил регистрацията/редакцията Радинела_Гицова
944 ## - СЪЗДАВАНЕ И РЕДАКЦИЯ на ЗАПИСА
Създаване/Редакция Редакция
Дата на регистрацията/редакция 14.09.2017
Статус, дата на статуса 15.07.2013 - от С1,Р / 15.07.2013
Служител, извършил регистрацията/редакцията Милена_Ачева
999 ## - СИСТЕМНИ КОНТРОЛНИ НОМЕРА
Koha biblionumber 139813
Koha biblioitemnumber 139813
Наличности
Код за отписване Код за изгубен артикул Източник на класификационната схема Код за повреда Коз за рестрикции Код за отдаване Артикулен № Име на библиотеката - собственик Име на библиотеката, в която се намира в момента Статус (Текущо местоположение) Дата на вписване в системата Местоположение - отдел Цена в лева Инвентарен номер Систематично азбучна сигнатура Баркод Номер на екземпляра Цена в евро Служебна бележка Служебен тип на артикула Бележка за публиката
  Не е изгубен Universal Decimal Classification Не е повреден без рестрикции ползва се в читалня 229032 Регионална библиотека "Любен Каравелов" Русе Регионална библиотека "Любен Каравелов" Русе Хранилище 1986-01-01 Хранилище 0.56 450877 Цб 260947 120000450877 1 0.29 N: стар фонд Дата: 01.01.1986 Книги  
Изтеглен Не е изгубен   Не е повреден без рестрикции заемане за дома 229033 Регионална библиотека "Любен Каравелов" Русе Регионална библиотека "Любен Каравелов" Русе   1986-01-01 Детски отдел 0.56 471850 ДХ 886.7/Г 81 471850 2 0.29 N: стар фонд Дата: 01.01.1986 Дата инв: 01.09.2015 Бележки инв: Д2015 Книги Отч.N: 26/2017 , Дата: 15.08.2017
Изтеглен Не е изгубен   Не е повреден без рестрикции заемане за дома 229034 Регионална библиотека "Любен Каравелов" Русе Регионална библиотека "Любен Каравелов" Русе   1986-01-01 Детски отдел 0.56 471848 ДХ 886.7/Г 81 471848 3 0.29 N: стар фонд Дата: 01.01.1986 Дата инв: 01.09.2015 Бележки инв: Д2015 Книги Отч.N: 31/2017 , Дата: 01.09.2017
Vip Innovations Ltd, Rousse, Bulgaria 2025